Statistics for Bee Gees Discography

Click here to take the quiz!

General Stats

  • This quiz has been taken 34 times
  • The average score is 18 of 44

Answer Stats

TypeYearName% Correct
Soundtrack1977Saturday Night Fever: The Original Movie Sound Track
82%
Album1975Main Course
77%
Album1969Odessa
73%
Album1989One
73%
Album1966Spicks and Specks
73%
Album1967Bee Gees' 1st
68%
Album1970Cucumber Castle
68%
Album1968Idea
68%
Album1968Horizontal
64%
Album1974Mr. Natural
64%
Album1979Spirits Having Flown
64%
Album2001This Is Where I Came In
64%
Album1987E.S.P.
59%
Album1971Trafalgar
59%
Album1991High Civilization
55%
Album1981Living Eyes
55%
Live Album1998One Night Only
55%
Album1993Size Isn't Everything
55%
Album1997Still Waters
55%
Album19702 Years On
50%
Album1976Children of the World
50%
Album1973Life in a Tin Can
50%
Album1972To Whom It May Concern
50%
Compilation2017Timeless: The All-Time Greatest Hits
45%
Compilation1969Best of Bee Gees
41%
Compilation1973Best of Bee Gees, Volume 2
41%
Compilation1990The Very Best of the Bee Gees
41%
Collaborative Soundtrack1978Sgt. Pepper's Lonely Hearts Club Band
36%
Compilation1979Bee Gees Greatest
27%
Live Album1977Here at Last... Bee Gees... Live
23%
Compilation2005Love Songs
23%
Box Set2010Mythology
18%
Compilation2004Number Ones
18%
Soundtrack1971Melody
14%
Compilation2009The Ultimate Bee Gees
14%
Compilation1976Bee Gees Gold
9%
Compilation20151974-1979
5%
Compilation1970Inception/Nostalgia
5%
Compilation2001Their Greatest Hits: The Record
5%
Compilation2014The Warner Bros Years 1987-1991
5%
Soundtrack1983Stayling Alive
0%
Box Set1990Tales from the Brothers Gribb: A History in Song
0%
Album1965The Bee Gees Sing and Play 14 Barry Gibbs Songs
0%
Box Set2006The Studio Albums 1967-1968
0%

Score Distribution

Percentile by Number Answered

Percent of People with Each Score

Your Score History

You have not taken this quiz